Evaluating training programs (Record no. 42638)

MARC details
000 -LEADER
fixed length control field 00658nam a2200145 a 4500
008 - FIXED-LENGTH DATA ELEMENTS--GENERAL INFORMATION
fixed length control field 120416s1975 ||||||||||||||||| || u
050 ## - LIBRARY OF CONGRESS CALL NUMBER
Classification number HF 5549.5.T7 Eva
100 ## - MAIN ENTRY--PERSONAL NAME
Personal name Kirkpatrick, Donald L
245 10 - TITLE STATEMENT
Title Evaluating training programs
Statement of responsibility, etc. compiled by Donald L. Kirkpatrick
246 ## - VARYING FORM OF TITLE
Title proper/short title a collection of articles from the Journal of the American Society for Training and Development
260 ## - PUBLICATION, DISTRIBUTION, ETC.
Place of publication, distribution, etc. Madison, [Wis.]
Name of publisher, distributor, etc. American Society for Training
Date of publication, distribution, etc. 1975
300 ## - PHYSICAL DESCRIPTION
Extent vi, 313p. : ill.
350 ## - PRICE (NR) (BK AM CF MU VM SE) [OBSOLETE]
Price 0.00
995 ## - RECOMMENDATION 995 [LOCAL, UNIMARC FRANCE]
-- 0.00
-- CBU-MAIN LIBRARY (Kitwe)
-- 1
-- 25.00
-- AVAILABLE
-- Main Library Open Access Collection
Holdings
Withdrawn status Lost status Source of classification or shelving scheme Damaged status Not for loan Home library Current library Shelving location Date acquired Total Checkouts Full call number Barcode Date last seen Price effective from Koha item type
          CBU-MAIN LIBRARY, KITWE. CBU-MAIN LIBRARY, KITWE.   11/30/2022   HF 5549.5.T7 Eva 006174 11/30/2022 11/30/2022 MONOGRAPH